[Event "Chess House 2012"]
[Site "?"]
[Date "2012.07.08"]
[Round "2.3"]
[White "Berg, 2005, WFM Susanna"]
[Black "de Blecourt, 2069, WFM Sandra"]
[Result "1/2-1/2"]
[LiveChessVersion "1.3.1"]
[BlackElo "2069"]
[WhiteElo "2005"]

1. e4 {[%clk 1:30:57]} e6 {[%clk 1:30:56]} 2. d4 {[%clk 1:31:18]} d5
{[%clk 1:31:22]} 3. exd5 {[%clk 1:30:20]} exd5 {[%clk 1:31:48]} 4. c4
{[%clk 1:30:46]} Bb4+ {[%clk 1:32:11]} 5. Nc3 {[%clk 1:30:38]} Ne7
{[%clk 1:32:26]} 6. Nf3 {[%clk 1:28:33]} Bg4 {[%clk 1:32:00]} 7. h3
{[%clk 1:27:07]} Bh5 {[%clk 1:32:13]} 8. a3 {[%clk 1:26:58]} Bxc3+
{[%clk 1:32:16]} 9. bxc3 {[%clk 1:27:22]} Nbc6 {[%clk 1:31:39]} 10. Bd3
{[%clk 1:23:05]} dxc4 {[%clk 1:29:00]} 11. Bxc4 {[%clk 1:22:58]} O-O
{[%clk 1:25:08]} 12. O-O {[%clk 1:19:56]} Nd5 {[%clk 1:17:05]} 13. Qd3
{[%clk 1:04:33]} Bg6 {[%clk 1:06:52]} 14. Qd2 {[%clk 1:03:39]} Na5
{[%clk 1:03:31]} 15. Ba2 {[%clk 1:00:39]} b5 {[%clk 0:59:42]} 16. Ne5
{[%clk 0:55:43]} Bf5 {[%clk 0:52:52]} 17. g4 {[%clk 0:48:59]} Be6
{[%clk 0:52:06]} 18. f4 {[%clk 0:47:27]} f6 {[%clk 0:44:11]} 19. Nf3
{[%clk 0:44:08]} Nc4 {[%clk 0:41:31]} 20. Qd3 {[%clk 0:38:45]} Kh8
{[%clk 0:37:44]} 21. Bb1 {[%clk 0:35:34]} Bg8 {[%clk 0:35:23]} 22. Ra2
{[%clk 0:31:14]} Qd7 {[%clk 0:33:14]} 23. Nh4 {[%clk 0:27:04]} Rfe8
{[%clk 0:28:44]} 24. Qg3 {[%clk 0:25:16]} g6 {[%clk 0:11:31]} 25. Ng2
{[%clk 0:18:33]} f5 {[%clk 0:08:56]} 26. h4 {[%clk 0:15:15]} Be6 {[%clk 0:08:07]}
27. h5 {[%clk 0:12:03]} fxg4 {[%clk 0:07:27]} 28. hxg6 {[%clk 0:12:02]} Bf5
{[%clk 0:06:54]} 29. Bxf5 {[%clk 0:10:05]} Qxf5 {[%clk 0:07:23]} 30. Nh4
{[%clk 0:08:50]} Qe4 {[%clk 0:06:28]} 31. f5 {[%clk 0:04:05]} Nce3
{[%clk 0:06:21]} 32. Bxe3 {[%clk 0:03:46]} Nxe3 {[%clk 0:04:04]} 33. g7+
{[%clk 0:03:17]} Kg8 {[%clk 0:04:14]} 34. Re1 {[%clk 0:02:42]} Nxf5
{[%clk 0:03:47]} 35. Rxe4 {[%clk 0:03:02]} Nxg3 {[%clk 0:04:11]} 36. Rxg4
{[%clk 0:03:26]} Re4 {[%clk 0:02:16]} 37. Rxe4 {[%clk 0:02:12]} Nxe4
{[%clk 0:02:45]} 38. Re2 {[%clk 0:02:32]} Re8 {[%clk 0:02:02]} 39. Rg2
{[%clk 0:01:41]} Nd6 {[%clk 0:02:09]} 40. Rg5 {[%clk 0:01:16]} a6
{[%clk 0:01:58]} 41. a4 {[%clk 0:24:23]} Re7 {[%clk 0:13:47]} 42. axb5
{[%clk 0:24:40]} axb5 {[%clk 0:14:09]} 43. Nf5 {[%clk 0:24:15]} Nxf5
{[%clk 0:14:26]} 44. Rxf5 {[%clk 0:24:41]} Rxg7+ {[%clk 0:14:53]} 45. Kh2
{[%clk 0:24:49]} c6 {[%clk 0:14:38]} 46. d5 {[%clk 0:22:40]} cxd5
{[%clk 0:14:48]} 47. Rxd5 {[%clk 0:23:04]} Rb7 {[%clk 0:15:06]} 48. Rc5
{[%clk 0:21:01]} Kf7 {[%clk 0:15:09]} 49. Rh5 {[%clk 0:20:12]} Kg6
{[%clk 0:15:00]} 50. Rc5 {[%clk 0:20:28]} Rb6 {[%clk 0:14:31]} 51. Kh3
{[%clk 0:20:09]} Kf6 {[%clk 0:13:49]} 52. Rh5 {[%clk 0:19:58]} Rb7
{[%clk 0:14:12]} 53. Rc5 {[%clk 0:19:40]} Ke6 {[%clk 0:14:21]} 54. Kg4
{[%clk 0:14:55]} Kd6 {[%clk 0:14:48]} 55. Rh5 {[%clk 0:14:32]} Kc6
{[%clk 0:14:39]} 56. Kf4 {[%clk 0:14:08]} Re7 {[%clk 0:11:47]} 57. Kf3
{[%clk 0:11:42]} Kb6 {[%clk 0:12:07]} 58. Kf2 {[%clk 0:09:41]} Rc7
{[%clk 0:10:38]} 59. Rh3 {[%clk 0:10:03]} Kc5 {[%clk 0:09:51]} 60. Ke3
{[%clk 0:06:49]} Rd7 {[%clk 0:06:26]} 61. Rh4 {[%clk 0:07:07]} Kb6
{[%clk 0:02:39]} 62. Rh5 {[%clk 0:06:59]} Kc6 {[%clk 0:02:58]} 63. Rh6+
{[%clk 0:05:03]} Kd5 {[%clk 0:02:57]} 64. Rh4 {[%clk 0:05:25]} Rg7
{[%clk 0:02:05]} 65. Kd3 {[%clk 0:05:34]} Rg3+ {[%clk 0:02:05]} 66. Kd2
{[%clk 0:05:32]} Rg7 {[%clk 0:02:27]} 67. Kd3 {[%clk 0:05:42]} Rg3+
{[%clk 0:01:35]} 68. Kd2 {[%clk 0:06:00]} Rg7 {[%clk 0:01:31]} 69. Kd3
{[%clk 0:06:15]} Ke5 70. Ke4+ 1/2-1/2

[Event "Chess House 2012"]
[Site "?"]
[Date "2012.07.08"]
[Round "2.6"]
[White "Kyhl Sørensen, 2181, Torben"]
[Black "Jacobsen, 2302, Bo"]
[Result "1/2-1/2"]
[LiveChessVersion "1.3.1"]
[BlackElo "2302"]
[WhiteElo "2181"]

1. e4 {[%clk 1:30:56]} g6 {[%clk 1:30:52]} 2. d4 {[%clk 1:31:09]} Bg7
{[%clk 1:31:18]} 3. Nc3 {[%clk 1:31:14]} c6 {[%clk 1:31:44]} 4. a4
{[%clk 1:31:07]} d6 {[%clk 1:28:50]} 5. Nf3 {[%clk 1:31:07]} Nd7 {[%clk 1:25:51]}
6. Be2 {[%clk 1:25:35]} e5 {[%clk 1:24:16]} 7. dxe5 {[%clk 1:24:53]} dxe5
{[%clk 1:23:47]} 8. Be3 {[%clk 1:22:25]} Ngf6 {[%clk 1:23:34]} 9. h3
{[%clk 1:17:28]} Qe7 {[%clk 1:23:05]} 10. Qd3 {[%clk 1:12:22]} O-O
{[%clk 1:17:58]} 11. a5 {[%clk 1:06:50]} Re8 {[%clk 1:15:37]} 12. Qc4
{[%clk 1:01:34]} Nb8 {[%clk 1:10:01]} 13. Bc5 {[%clk 0:55:10]} Qc7
{[%clk 1:09:12]} 14. Qb4 {[%clk 0:51:24]} Bf8 {[%clk 1:09:14]} 15. Bxf8
{[%clk 0:51:02]} Rxf8 {[%clk 1:09:36]} 16. Na4 {[%clk 0:48:11]} b6
{[%clk 1:04:55]} 17. axb6 {[%clk 0:46:44]} axb6 {[%clk 1:03:04]} 18. O-O
{[%clk 0:44:37]} Nbd7 {[%clk 1:02:37]} 19. Rfd1 {[%clk 0:40:19]} c5
{[%clk 0:59:45]} 20. Qb3 {[%clk 0:39:24]} Bb7 {[%clk 0:52:21]} 21. Nc3
{[%clk 0:38:04]} Rxa1 {[%clk 0:50:33]} 22. Rxa1 {[%clk 0:38:32]} Nxe4
{[%clk 0:50:49]} 23. Nxe4 {[%clk 0:38:19]} Bxe4 {[%clk 0:51:05]} 24. Ng5
{[%clk 0:38:33]} Qb7 {[%clk 0:31:28]} 25. Nxe4 {[%clk 0:33:34]} Qxe4
{[%clk 0:31:50]} 26. Bc4 {[%clk 0:25:26]} Kg7 {[%clk 0:27:48]} 27. Ra7
{[%clk 0:13:24]} Nf6 {[%clk 0:26:01]} 28. Qd3 {[%clk 0:06:04]} Qf4
{[%clk 0:23:19]} 29. b3 {[%clk 0:05:06]} e4 {[%clk 0:17:14]} 30. Qc3
{[%clk 0:03:57]} Qd6 {[%clk 0:16:55]} 31. Rb7 {[%clk 0:03:47]} Qc6
{[%clk 0:16:44]} 32. Re7 {[%clk 0:02:55]} b5 {[%clk 0:17:05]} 33. Be2
{[%clk 0:02:48]} Qd6 {[%clk 0:06:04]} 34. Rxe4 {[%clk 0:02:00]} b4
{[%clk 0:05:01]} 35. Qe5 {[%clk 0:01:56]} Qxe5 {[%clk 0:03:09]} 36. Rxe5
{[%clk 0:02:25]} Re8 {[%clk 0:03:31]} 37. Rxe8 {[%clk 0:02:21]} Nxe8
{[%clk 0:03:54]} 38. f4 {[%clk 0:02:28]} Kf6 {[%clk 0:02:57]} 39. Kf2
{[%clk 0:02:44]} g5 {[%clk 0:02:09]} 40. Kf3 {[%clk 0:02:24]} Nd6
{[%clk 0:02:30]} 41. g4 {[%clk 0:28:33]} h6 {[%clk 0:33:00]} 42. Bd3
{[%clk 0:17:15]} Ke6 {[%clk 0:22:39]} 43. Bc4+ {[%clk 0:16:51]} Ke7
{[%clk 0:22:16]} 44. Bd3 {[%clk 0:15:39]} f6 {[%clk 0:21:16]} 45. Bc4
{[%clk 0:11:45]} Kd7 {[%clk 0:21:30]} 46. Ke3 {[%clk 0:06:31]} Kc6
{[%clk 0:21:50]} 47. Be2 {[%clk 0:04:05]} gxf4+ {[%clk 0:10:54]} 48. Kxf4
{[%clk 0:04:31]} Kd5 {[%clk 0:11:20]} 49. Bd3 {[%clk 0:03:35]} Kd4
{[%clk 0:11:24]} 50. h4 {[%clk 0:02:45]} Kc3 {[%clk 0:07:47]} 51. h5
{[%clk 0:02:28]} Kd4 {[%clk 0:07:21]} 52. Be2 {[%clk 0:01:13]} Kd5
{[%clk 0:04:56]} 53. Bd3 {[%clk 0:01:20]} Kd4 {[%clk 0:04:57]} 54. Ke4+ Ke5+
1/2-1/2

[Event "Chess House 2012"]
[Site "?"]
[Date "2012.07.08"]
[Round "2.7"]
[White "Semcesen, 2464, IM Daniel"]
[Black "Papp, 2303, WIM Petra"]
[Result "1/2-1/2"]
[LiveChessVersion "1.3.1"]
[BlackElo "2303"]
[WhiteElo "2464"]

1. Nf3 {[%clk 1:30:55]} Nf6 {[%clk 1:30:33]} 2. c4 {[%clk 1:30:35]} g6
{[%clk 1:29:38]} 3. Nc3 {[%clk 1:30:11]} d5 {[%clk 1:28:54]} 4. cxd5
{[%clk 1:27:57]} Nxd5 {[%clk 1:28:41]} 5. Qa4+ {[%clk 1:26:59]} c6
{[%clk 1:18:20]} 6. Qd4 {[%clk 1:21:17]} f6 {[%clk 1:15:05]} 7. e4
{[%clk 1:18:48]} e5 {[%clk 1:11:45]} 8. Nxe5 {[%clk 1:09:59]} Nxc3
{[%clk 0:51:57]} 9. Qxc3 {[%clk 1:09:21]} Qe7 {[%clk 0:50:56]} 10. Nf3
{[%clk 1:05:56]} Qxe4+ {[%clk 0:48:58]} 11. Be2 {[%clk 0:59:36]} Nd7
{[%clk 0:40:03]} 12. d3 {[%clk 0:44:50]} Qb4 {[%clk 0:39:25]} 13. O-O
{[%clk 0:45:04]} Qxc3 {[%clk 0:37:49]} 14. bxc3 {[%clk 0:45:28]} Nb6
{[%clk 0:36:22]} 15. Re1 {[%clk 0:43:28]} Kf7 {[%clk 0:34:16]} 16. a4
{[%clk 0:40:58]} Bd6 {[%clk 0:31:04]} 17. Bd2 {[%clk 0:38:23]} Re8
{[%clk 0:29:03]} 18. Kf1 {[%clk 0:31:45]} Nd5 {[%clk 0:26:58]} 19. a5
{[%clk 0:26:09]} Nf4 {[%clk 0:24:30]} 20. Bxf4 {[%clk 0:22:18]} Bxf4
{[%clk 0:24:55]} 21. Reb1 {[%clk 0:22:05]} Rb8 {[%clk 0:23:43]} 22. Ra4
{[%clk 0:20:58]} Bc7 {[%clk 0:22:49]} 23. h3 {[%clk 0:20:33]} Bd7
{[%clk 0:20:04]} 24. Rab4 {[%clk 0:14:12]} b6 {[%clk 0:18:39]} 25. axb6
{[%clk 0:14:06]} axb6 {[%clk 0:18:42]} 26. Ra4 {[%clk 0:13:13]} Ra8
{[%clk 0:15:35]} 27. Rba1 {[%clk 0:13:34]} Ra5 {[%clk 0:12:15]} 28. Nd2
{[%clk 0:11:26]} Rea8 {[%clk 0:10:14]} 29. Bd1 {[%clk 0:10:22]} Rxa4
{[%clk 0:08:37]} 30. Rxa4 {[%clk 0:10:42]} Rxa4 {[%clk 0:08:42]} 31. Bxa4
{[%clk 0:11:08]} Ke7 {[%clk 0:08:00]} 32. Ke2 {[%clk 0:09:43]} b5
{[%clk 0:06:19]} 33. Bb3 {[%clk 0:09:22]} Ba5 {[%clk 0:05:05]} 34. c4
{[%clk 0:06:12]} bxc4 {[%clk 0:04:00]} 35. Nxc4 {[%clk 0:05:55]} Bc7
{[%clk 0:04:13]} 36. Ba4 {[%clk 0:05:14]} Ke6 {[%clk 0:03:30]} 37. Bb3
{[%clk 0:04:04]} Ke7 {[%clk 0:03:02]} 38. Ne3 {[%clk 0:03:18]} Bb6
{[%clk 0:01:55]} 39. Nc4 {[%clk 0:02:14]} Bd4 {[%clk 0:01:03]} 40. Ba4
{[%clk 0:01:49]} Ke6 {[%clk 0:00:42]} 41. Bb3 {[%clk 0:00:54]} Ke7
{[%clk 0:30:38]} 42. Nd2 {[%clk 0:31:29]} Ba7 {[%clk 0:25:57]} 43. Bc4
{[%clk 0:28:06]} Bd4 {[%clk 0:25:53]} 44. Bb3 {[%clk 0:28:27]} Ba7
{[%clk 0:26:18]} 45. Bc4 {[%clk 0:26:54]} Bd4 {[%clk 0:26:41]} 46. Bb3
{[%clk 0:21:54]} 1/2-1/2

[Event "Chess House 2012"]
[Site "?"]
[Date "2012.07.08"]
[Round "2.8"]
[White "Andersen, 2328, Jackie"]
[Black "Hansen, 2341, FM Mads"]
[Result "1/2-1/2"]
[LiveChessVersion "1.3.1"]
[BlackElo "2341"]
[WhiteElo "2328"]

1. c4 {[%clk 1:21:24]} Nf6 {[%clk 1:30:44]} 2. Nc3 {[%clk 1:21:33]} e6
{[%clk 1:30:55]} 3. Nf3 {[%clk 1:17:58]} d5 {[%clk 1:30:22]} 4. cxd5
{[%clk 1:17:13]} exd5 {[%clk 1:30:45]} 5. d4 {[%clk 1:17:29]} Be7
{[%clk 1:29:25]} 6. Bf4 {[%clk 1:17:09]} c6 {[%clk 1:23:02]} 7. e3
{[%clk 1:13:27]} Bf5 {[%clk 1:21:52]} 8. Bd3 {[%clk 1:13:04]} Bxd3
{[%clk 1:21:37]} 9. Qxd3 {[%clk 1:13:26]} O-O {[%clk 1:18:42]} 10. O-O
{[%clk 1:07:23]} Nbd7 {[%clk 1:12:52]} 11. Rfc1 {[%clk 1:05:05]} Re8
{[%clk 1:08:07]} 12. h3 {[%clk 0:57:42]} Nb6 {[%clk 0:59:54]} 13. Nd2
{[%clk 0:53:53]} Bd6 {[%clk 0:58:42]} 14. Bxd6 {[%clk 0:46:34]} Qxd6
{[%clk 0:59:10]} 15. Rab1 {[%clk 0:46:36]} a5 {[%clk 0:47:19]} 16. Nb3
{[%clk 0:38:29]} Qe7 {[%clk 0:42:35]} 17. Nc5 {[%clk 0:37:28]} Nc8
{[%clk 0:38:31]} 18. a3 {[%clk 0:32:44]} Nd6 {[%clk 0:38:49]} 19. a4
{[%clk 0:24:59]} Nh5 {[%clk 0:31:26]} 20. b4 {[%clk 0:20:43]} b6 {[%clk 0:30:34]}
21. Qd1 {[%clk 0:20:21]} axb4 {[%clk 0:26:31]} 22. Rxb4 {[%clk 0:19:37]} bxc5
{[%clk 0:24:50]} 23. dxc5 {[%clk 0:19:59]} Nc4 {[%clk 0:21:06]} 24. Qxh5
{[%clk 0:19:53]} Qxc5 {[%clk 0:18:17]} 25. Rb7 {[%clk 0:18:37]} Re7
{[%clk 0:16:08]} 26. Rcb1 {[%clk 0:15:40]} Rxb7 {[%clk 0:14:14]} 27. Rxb7
{[%clk 0:15:51]} Nd6 {[%clk 0:14:25]} 28. Rb3 {[%clk 0:15:19]} g6
{[%clk 0:10:29]} 29. Qd1 {[%clk 0:14:27]} Nc4 {[%clk 0:10:53]} 30. Qd4
{[%clk 0:08:43]} Qxd4 {[%clk 0:08:48]} 31. exd4 {[%clk 0:09:07]} Re8
{[%clk 0:08:28]} 32. Rb1 {[%clk 0:09:25]} Kf8 {[%clk 0:06:41]} 33. g3
{[%clk 0:09:12]} Nd2 {[%clk 0:04:57]} 34. Rd1 {[%clk 0:09:02]} Nb3
{[%clk 0:04:54]} 35. Kg2 {[%clk 0:08:24]} Ke7 {[%clk 0:04:06]} 36. Rd3
{[%clk 0:07:06]} Rb8 {[%clk 0:03:57]} 37. Re3+ {[%clk 0:02:11]} Kd7
{[%clk 0:04:01]} 38. Ne2 {[%clk 0:01:14]} Rb4 {[%clk 0:04:00]} 39. Rf3
{[%clk 0:01:08]} Ke7 {[%clk 0:03:00]} 40. Re3+ {[%clk 0:01:05]} Kd6
{[%clk 0:02:43]} 41. Rd3 {[%clk 0:29:45]} Na1 {[%clk 0:25:02]} 42. Rf3
{[%clk 0:28:28]} f5 {[%clk 0:23:27]} 43. g4 {[%clk 0:28:06]} Nc2 {[%clk 0:23:41]}
44. Rf4 {[%clk 0:28:30]} Rxa4 {[%clk 0:18:00]} 45. gxf5 {[%clk 0:24:42]} gxf5
{[%clk 0:18:15]} 46. Rh4 {[%clk 0:23:53]} Ne1+ {[%clk 0:14:49]} 47. Kf1
{[%clk 0:22:32]} Ra1 {[%clk 0:15:15]} 48. Rh6+ {[%clk 0:22:13]} Kc7
{[%clk 0:15:18]} 49. Rxh7+ {[%clk 0:22:32]} Kb6 {[%clk 0:15:40]} 50. Rf7
{[%clk 0:22:10]} Kb5 {[%clk 0:13:35]} 51. Rf6 {[%clk 0:19:00]} Kb6
{[%clk 0:10:15]} 1/2-1/2

[Event "Chess House 2012"]
[Site "?"]
[Date "2012.07.08"]
[Round "2.9"]
[White "Skytte, 2401, IM Rasmus"]
[Black "Eggleston, 2323, FM David"]
[Result "0-1"]
[LiveChessVersion "1.3.1"]
[BlackElo "2323"]
[WhiteElo "2401"]

1. e4 {[%clk 1:30:56]} c5 {[%clk 1:19:49]} 2. Nf3 {[%clk 1:31:19]} d6
{[%clk 1:20:01]} 3. d4 {[%clk 1:31:40]} cxd4 {[%clk 1:20:23]} 4. Nxd4
{[%clk 1:31:59]} Nf6 {[%clk 1:20:33]} 5. Nc3 {[%clk 1:32:15]} a6 {[%clk 1:20:46]}
6. Bg5 {[%clk 1:32:34]} Nbd7 {[%clk 1:21:11]} 7. Bc4 {[%clk 1:32:36]} e6
{[%clk 1:21:36]} 8. Qd2 {[%clk 1:30:12]} Nc5 {[%clk 1:15:20]} 9. f3
{[%clk 1:27:46]} b5 {[%clk 1:12:26]} 10. Bb3 {[%clk 1:25:40]} Bb7
{[%clk 1:10:03]} 11. O-O-O {[%clk 1:14:22]} Be7 {[%clk 1:09:22]} 12. h4
{[%clk 1:13:49]} O-O {[%clk 1:03:40]} 13. Kb1 {[%clk 1:00:59]} Qc7
{[%clk 1:00:42]} 14. g4 {[%clk 0:56:56]} b4 {[%clk 0:54:42]} 15. Na4
{[%clk 0:53:23]} Rab8 {[%clk 0:45:02]} 16. Bxf6 {[%clk 0:40:00]} Bxf6
{[%clk 0:44:18]} 17. g5 {[%clk 0:40:08]} Be5 {[%clk 0:39:35]} 18. h5
{[%clk 0:38:07]} Nxb3 {[%clk 0:35:42]} 19. axb3 {[%clk 0:34:31]} d5
{[%clk 0:34:34]} 20. h6 {[%clk 0:31:45]} dxe4 {[%clk 0:31:10]} 21. hxg7
{[%clk 0:27:28]} Bxg7 {[%clk 0:29:59]} 22. Qe3 {[%clk 0:23:16]} exf3
{[%clk 0:23:40]} 23. Qd3 {[%clk 0:17:53]} Rfd8 {[%clk 0:23:27]} 24. Qxh7+
{[%clk 0:16:11]} Kf8 {[%clk 0:23:55]} 25. Qh4 {[%clk 0:14:41]} Qe5
{[%clk 0:18:49]} 26. Nb6 {[%clk 0:08:11]} Rxd4 {[%clk 0:16:39]} 27. Rxd4
{[%clk 0:08:06]} Qxd4 {[%clk 0:17:04]} 28. Qxd4 {[%clk 0:08:28]} Bxd4
{[%clk 0:17:29]} 29. Nd7+ {[%clk 0:08:52]} Ke7 {[%clk 0:17:35]} 30. Nxb8
{[%clk 0:09:14]} f2 {[%clk 0:17:56]} 31. Rd1 {[%clk 0:06:54]} Ba7
{[%clk 0:14:40]} 32. Nd7 {[%clk 0:05:05]} Bg2 {[%clk 0:12:55]} 33. Ne5
{[%clk 0:05:02]} Ke8 {[%clk 0:13:19]} 34. g6 {[%clk 0:03:10]} fxg6
{[%clk 0:13:39]} 35. Nxg6 {[%clk 0:03:14]} f1=Q {[%clk 0:14:00]} 36. Rxf1
{[%clk 0:03:41]} Bxf1 {[%clk 0:14:25]} 37. Nf4 {[%clk 0:03:56]} Ke7
{[%clk 0:14:44]} 38. c3 {[%clk 0:04:15]} Bb8 {[%clk 0:13:22]} 39. Ng6+
{[%clk 0:04:32]} Kf7 {[%clk 0:13:29]} 40. Nh4 {[%clk 0:04:51]} Bd3+
{[%clk 0:13:52]} 41. Kc1 {[%clk 0:05:02]} Bf4+ {[%clk 0:13:12]} 42. Kd1
{[%clk 0:05:18]} Be4 {[%clk 0:13:38]} 43. Ke2 {[%clk 0:04:44]} Bg5
{[%clk 0:13:59]} 0-1

[Event "Chess House 2012"]
[Site "?"]
[Date "2012.07.08"]
[Round "2.10"]
[White "Pedersen, 2454, IM Nicolai V."]
[Black "Hagesæther, 2278, Halvard"]
[Result "1-0"]
[LiveChessVersion "1.3.1"]
[BlackElo "2278"]
[WhiteElo "2454"]

1. d4 {[%clk 1:30:17]} Nf6 {[%clk 1:30:53]} 2. c4 {[%clk 1:30:30]} Nc6
{[%clk 1:31:17]} 3. Nf3 {[%clk 1:30:07]} e6 {[%clk 1:31:42]} 4. Nc3
{[%clk 1:30:01]} Bb4 {[%clk 1:32:05]} 5. Qc2 {[%clk 1:28:45]} d6 {[%clk 1:32:04]}
6. Bd2 {[%clk 1:28:20]} O-O {[%clk 1:28:50]} 7. a3 {[%clk 1:26:08]} Bxc3
{[%clk 1:29:13]} 8. Bxc3 {[%clk 1:26:24]} Qe7 {[%clk 1:28:02]} 9. e3
{[%clk 1:06:55]} e5 {[%clk 1:28:14]} 10. d5 {[%clk 1:04:24]} Nb8 {[%clk 1:26:56]}
11. Nd2 {[%clk 1:03:47]} c6 {[%clk 1:09:46]} 12. e4 {[%clk 0:44:40]} Nh5
{[%clk 1:04:06]} 13. dxc6 {[%clk 0:38:57]} bxc6 {[%clk 1:04:00]} 14. g3
{[%clk 0:38:20]} c5 {[%clk 0:59:44]} 15. Bg2 {[%clk 0:35:27]} Nc6
{[%clk 0:59:39]} 16. O-O {[%clk 0:32:16]} Nd4 {[%clk 0:56:51]} 17. Qd3
{[%clk 0:32:35]} Rb8 {[%clk 0:44:40]} 18. b4 {[%clk 0:29:27]} g6 {[%clk 0:40:24]}
19. Rac1 {[%clk 0:28:12]} Ng7 {[%clk 0:31:22]} 20. Bxd4 {[%clk 0:25:57]} cxd4
{[%clk 0:31:28]} 21. c5 {[%clk 0:26:02]} dxc5 {[%clk 0:26:45]} 22. Rxc5
{[%clk 0:25:46]} f6 {[%clk 0:26:25]} 23. f4 {[%clk 0:24:57]} Ne6 {[%clk 0:25:46]}
24. Ra5 {[%clk 0:22:22]} exf4 {[%clk 0:18:11]} 25. gxf4 {[%clk 0:22:43]} Rd8
{[%clk 0:16:39]} 26. Qg3 {[%clk 0:16:27]} Rb6 {[%clk 0:14:23]} 27. f5
{[%clk 0:15:24]} Nf8 {[%clk 0:14:37]} 28. e5 {[%clk 0:15:07]} fxe5
{[%clk 0:13:28]} 29. Ne4 {[%clk 0:13:31]} d3 {[%clk 0:08:21]} 30. f6
{[%clk 0:11:47]} Qc7 {[%clk 0:08:22]} 31. Rc5 {[%clk 0:11:25]} Qb8
{[%clk 0:06:52]} 32. Qh4 {[%clk 0:04:30]} Be6 {[%clk 0:02:18]} 33. Qh6
{[%clk 0:03:20]} Rd7 {[%clk 0:02:34]} 34. Rd1 {[%clk 0:01:55]} Rbb7
{[%clk 0:01:32]} 35. Qe3 {[%clk 0:01:05]} Qd8 {[%clk 0:01:40]} 36. Rxe5
{[%clk 0:01:10]} Qb6 {[%clk 0:01:19]} 37. Nc5 {[%clk 0:01:19]} Bg4
{[%clk 0:00:43]} 38. Rxd3 {[%clk 0:01:07]} Rxd3 {[%clk 0:00:51]} 39. Nxd3
{[%clk 0:00:38]} Rb8 {[%clk 0:00:44]} 40. Qxb6 {[%clk 0:00:38]} axb6
{[%clk 0:01:12]} 41. Bd5+ {[%clk 0:28:19]} Kh8 {[%clk 0:30:28]} 42. Re7
{[%clk 0:21:58]} Rd8 {[%clk 0:28:50]} 43. Ne5 {[%clk 0:19:27]} Rxd5
{[%clk 0:28:17]} 44. Nf7+ {[%clk 0:19:09]} Kg8 {[%clk 0:28:41]} 45. Nh6+
{[%clk 0:19:30]} Kh8 {[%clk 0:28:47]} 46. Re8 {[%clk 0:19:41]} 1-0